Päijät-Häme-visa - Statistics

Yleistilastot
  • Tätä visaa on pelattu 1 479 kertaa
  • Keskiarvotulos 8 / 15
Vastaustilastot
Vihje Vastaus % Oikein
Väkirikkain kaupunki Lahti
99%
Suuri järvi, jonka mukaan maakunta on nimetty Päijänne
85%
Kaupungissa on järjestetty useasti tämän lajin MM-kisat, viimeksi vuonna 2017 Hiihto
83%
Kaupungin lempinimi Suomen {Chicago}
80%
Maisema-alue, johon maakunta kuuluu {Järvi}-Suomi
69%
Toiseksi väkirikkain kunta Hollola
61%
Tunnetuin nastolalaisen Pertti Jarlan piirtämistä sarjakuvista Fingerpori
57%
Jääkauden aikana syntyneet reunamuodostumat Salpausselät
57%
Mies vailla menneisyyttä -elokuvan ohjaaja Aki Kaurismäki
49%
Hämeenkoskella vuonna 1870 syntynyt tasavallan presidentti Juho Paasikivi
45%
Järvi, ja maakunta, ovat osa tätä laajaa vesistöä (vihje: joen nimi) Kymijoen vesistö
44%
Maakunnan halki kulkee tämä Suomen kieleen liittyvä "raja" {Murre}raja
36%
Maakuntalaulu (vihje: luonnonmuodostuma) Vihreiden {harjujen} maa
35%
Hartolan kunta julistautui vuonna 1987 tällaiseksi {Kuningas}kunta
27%
Kalevalainen veden emäntä, joka esiintyy vaakunassa Vellamo
19%
Ehtoja vastaavia visoja ei löytynyt
Tulosjakauma
Jokaisen tuloksen saaneiden osuus
Persentiili vastausten määrän mukaan
Tuloshistoriasi
Et ole pelannut tätä visaa